| 000 | 00509nam a2200169 a 4500 | ||
|---|---|---|---|
| 005 | 20260312192227.0 | ||
| 008 | 260311s2026##################000#0#eng## | ||
| 020 | _a9780262611343 | ||
| 041 | _aEng | ||
| 082 | 0 | 4 |
_a338.973009 _bKRU |
| 100 | _aKrugman Paul | ||
| 245 | 1 | 0 |
_aThe Age Of Diminished Expectations _bU.S. Economic Policy in the 1990s |
| 250 | _athird edition | ||
| 260 |
_aEngland _bThe MIT Press Cambridge, Massachusetts, London _c1990 |
||
| 300 |
_axii, 232p, ill, _c21cm, |
||
| 942 | _cENGLISH | ||
| 999 |
_c617515 _d617515 |
||